000 00891cad a22002535a 4500
001 E153463
008 110801s2010 xxk f 000 0 eng d
020 1 _a9781842196540
035 _a(Sirsi) u153463
041 0 _aeng
100 1 _aDumashie, Diane
245 0 0 _aCoastal communities
_ba pro poor approach to negotiating coastal land sales
_h[electronic resource]
260 _aLondon
_bRICS
_c2010
490 0 _aRICS Findings in Built and Rural Environments
520 _aDiscusses how planning workshops can assist communities negotiating the sale of coastal land to developers seeking land for tourist sites. Includes a case study.
521 _aAdvanced
590 _aKA
651 4 _aInternational
690 _aPROPERTY-ACQUISITION AND DISPOSAL OF PROPERTY
700 1 _aAzzan, Rashid
700 1 _aSaid, Ufuzo
856 4 0 _u
_zBroken link - not available
942 _n0
999 _c112528
_d112528